| 000 | 00378nam a22001577a 4500 | ||
|---|---|---|---|
| 003 | OSt | ||
| 008 | 220613b ||||| |||| 00| 0 eng d | ||
| 020 | _a9780070482937 | ||
| 082 | _a629.892 MIR | ||
| 100 | _aMITTAL, R K | ||
| 245 | _aRobotics and Control | ||
| 250 | _a32nd | ||
| 260 |
_aNew Delhi _b Tata Mc Graw Hill Pub. co. Ltd _c2020 |
||
| 300 | _a487 | ||
| 942 |
_2ddc _cBK |
||
| 999 |
_c11340 _d11340 |
||